Odgadnij miasto województwa kujawsko-pomorskiego po obrazku - Statystyki

Ogólne statystyki
  • Ten quiz został rozwiązany 19 razy
  • Średni wynik to 9 z 19
Statystyki odpowiedzi
Obrazkowy Odpowiedź % Poprawnych
Bydgoszcz
100%
Toruń
91%
Golub-Dobrzyń
64%
Włocławek
64%
Chełmno
55%
Grudziądz
55%
Inowrocław
55%
Lipno
45%
Brodnica
36%
Nakło nad Notecią
36%
Świecie
36%
Żnin
36%
Aleksandrów Kujawski
27%
Mogilno
27%
Radziejów
27%
Rypin
27%
Sępólno Krajeńskie
27%
Wąbrzeźno
27%
Tuchola
18%
Nie znaleziono quizów pasujących do podanych kryteriów
Rozkład punktacji
Procent ludzi z każdym wynikiem
Percentyl według liczby udzielonych odpowiedzi
Twoja historia wyników
Nie rozwiązałeś tego quizu